| 000 | 00345nam a2200133Ia 4500 | ||
|---|---|---|---|
| 008 | 230917s9999||||xx |||||||||||||| ||und|| | ||
| 040 |
_e160170 _aMAIN |
||
| 041 | _aEnglish | ||
| 082 | _a338.4791 C399C | ||
| 100 | _aChawla, Romila | ||
| 245 | 0 | _aCultural tourism and development | |
| 260 |
_aNew Delhi _bSonali Publications _c231 |
||
| 942 | _cBK | ||
| 999 |
_c130097 _d130097 |
||